Statistiques concernant Moins bons gagnants de l'Eurovision en pourcentage :

Cliquez ici pour prendre le quiz!

Statistiques générales

  • Ce quiz a été pris 43 fois
  • Le résultat moyen est 11 sur 13

Statistiques - réponses

Hint Answer % Correct
6 : 26,7 %Jacqueline BOYER - Tom Pillibi - France - 1960
100%
1 : 12 %Frida BOCCARA - Un Jour, Un Enfant - France - 1969
100%
9 : 30,0 %André CLAVEAU - Dors, Mon Amour - France - 1958
100%
1 : 12 %Salomé - Vivo Cantando - Espagne - 1969
81%
2 : 15 %Abba - Waterloo - Suède - 1974
81%
3 : 18,1 %Massiel - La, La, La - Espagne - 1968
81%
7 : 29,1 %Dana - All Kinds Of Everything - Irlande - 1970
81%
1 : 12 %Lulu - Boom-Bang-A-Bang - Royaume-Uni - 1969
78%
1 : 12 %Lenny KUHR - De Troubadour - Pays-Bas - 1969
78%
5 : 21,0 %Teddy SCHOLTEN - Een Beetje - Pays-Bas - 1959
78%
8 : 29,4 %Sandie SHAW - Puppet On A String - Royaume-Uni - 1967
78%
10 : 34,4 %Corry BROCKKEN - Net Als Toen - Pays-Bas - 1957
78%
4 : 20,7 %Jean-Claude PASCAL - Nous Les Amoureux - Luxembourg - 1961
66%

Distribution des résultats

Percentile par nombre de réponses

% des personnes avec chaque résultat

Votre développement - résultats

Vous n’avez pas pris ce quiz